000 00311nam a2200133Ia 4500
008 191201s2011 xx 000 0 und d
100 _aSKRIEN,Dale
245 0 _aObject Oriented Design using JAVA
250 _a1st
260 _aN. Delhi
_bTMH
_c2011
300 _a926
650 _aB.Tech(IT)
942 _2ddc
_cBK
999 _c5054
_d5054